Online
Catalog

Análisis de circuitos eléctricos lineales : (Record no. 23556)

MARC details
000 -CABECERA
campo de control de longitud fija 00843nam a2200229 a 4500
001 - NÚMERO DE CONTROL
campo de control 000024061
005 - FECHA Y HORA DE LA ÚLTIMA TRANSACCIÓN
campo de control 20200930022702.0
008 - DATOS DE LONGITUD FIJA--INFORMACIÓN GENERAL
campo de control de longitud fija 110118s1995 xxud r 001 0 spa d
020 ## - NÚMERO INTERNACIONAL ESTÁNDAR DEL LIBRO
Número Internacional Estándar del Libro 0201625776
040 ## - FUENTE DE LA CATALOGACIÓN
Centro catalogador/agencia de origen DO-SdBNP
Lengua de catalogación spa
Centro/agencia transcriptor BNPHU
082 ## - NÚMERO DE LA CLASIFICACIÓN DECIMAL DEWEY
Número de clasificación 621.3192
Número de documento/Ítem S161a
049 ## - FONDOS LOCALES (OCLC)
Fondos de biblioteca BNGR
100 1# - ENTRADA PRINCIPAL--NOMBRE DE PERSONA
Nombre de persona Salcedo Carretero, José M.
9 (RLIN) 49437
245 10 - MENCIÓN DE TÍTULO
Título Análisis de circuitos eléctricos lineales :
Resto del título problemas resueltos /
Mención de responsabilidad, etc. José M. Salcedo Carretero , Jesús López Galván.
260 ## - PUBLICACIÓN, DISTRIBUCIÓN, ETC.
Lugar de publicación, distribución, etc. Wilmington, E.U.A :
Nombre del editor, distribuidor, etc. Addison-AWesley Iberoamericana,
Fecha de publicación, distribución, etc. 1995.
300 ## - DESCRIPCIÓN FÍSICA
Extensión 294 p. :
Otras características físicas diag. ;
Dimensiones 23.5 cm.
500 ## - NOTA GENERAL
Nota general Incluye notas al pie de las páginas.
500 ## - NOTA GENERAL
Nota general Incluye índice de materias.
650 #4 - PUNTO DE ACCESO ADICIONAL DE MATERIA--TÉRMINO DE MATERIA
Término de materia o nombre geográfico como elemento de entrada Análisis de circuitos eléctricos
9 (RLIN) 47420
650 #4 - PUNTO DE ACCESO ADICIONAL DE MATERIA--TÉRMINO DE MATERIA
Término de materia o nombre geográfico como elemento de entrada Análisis de redes eléctricas
9 (RLIN) 49438
700 1# - PUNTO DE ACCESO ADICIONAL--NOMBRE DE PERSONA
Nombre de persona López Galván, Jesús,
9 (RLIN) 49439
Holdings
Estado de retiro Estado de pérdida Restricciones de uso No para préstamo Código de colección Localización permanente Ubicación/localización actual Ubicación en estantería Fecha de adquisición Número de inventario Total de préstamos Signatura topográfica completa Código de barras Fecha visto por última vez Precio válido a partir de Tipo de ítem Koha Número de copia
        Monografías: Libros y Folletos General General En catalogación 18.01.2011 LF1   621.3192 S161a 24061-10 25.06.2020 25.06.2020 Préstamo en sala  
      Préstamo restrigido Monografías: Libros y Folletos General General En catalogación 18.01.2011 LF1   621.3192 S161a 24061-20 25.06.2020 25.06.2020 Préstamo en sala e. 2

Powered by Koha